| 000 | 00631nam a2200181 a 4500 | ||
|---|---|---|---|
| 001 | 000044336 | ||
| 003 | DO-SdBNP | ||
| 005 | 20230609102418.0 | ||
| 008 | 140617s2007 dr a 000 0 spa d | ||
| 040 |
_aDO-SdBNP _bspa _cBNPHU |
||
| 082 |
_axxxxxx _bxxxxxx |
||
| 100 | 1 |
_aRodríguez Ramírez, Nicolás, _d1963- _967277 |
|
| 245 | 1 | 0 |
_aJaime y Mejía : _bel orden de los factores... ¡¡ sí altera el producto / _cNicolás Rodríguez Ramírez ; prólogo Anfonso Torres Ulloa. |
| 260 |
_aSanto Domingo : _bs. n., _c2007. |
||
| 300 |
_a146 p. : _bil. ; _c21 cm. |
||
| 700 | 1 |
_aTorres Ulloa, Anfonso, _epról. _972346 |
|
| 942 |
_2ddc _cLBS1 |
||
| 999 |
_c43825 _d43825 |
||